Normal view
MARC view
- Jitrik, Noé,
Entry Nombre Personal
001 - NUMERO DE CONTROL
- campo de control: 35178
003 - IDENTIFICADOR DE NUMERO DE CONTROL
- campo de control: UPN
005 - FECHA Y HORA DE LA ÜLTIMA TRANSACCIÓN
- campo de control: 20210219194500.0
008 - DATOS DE LONGITUD FIJA
- campo de control de longitud fija: nabaccnnaabn|||||||||| b |nc|||||d
035 ## - NUMERO DE CONTROL
- Número de control: UPN11000007285
040 ## - FUENTE DE CATALOGACIÓN
- Lenguaje de catalogación: SPA
- Agencia de transcripción: UPN
100 1# - ENCABEZAMIENTO - NOMBRE PERSONAL
- Nombre personal: Jitrik, Noé,
- Fechas asociadas con el nombre: 1928-
670 ## - FUENTE EN LA QUE SE LOCALIZARON DATOS
- Cita de la fuente: LC
680 ## - NOTA PUBLICA DE ACCESO PÚBLICO
- Frase explicativa de la referencia: Crítico literario argentino, así como autor de cuentos, novelas y ensayos críticos, literarios e históricos.
902 ## - CATALOGADOR
- Catalogador: MITM/060514
